|
|
|
|
| LEADER |
00000cam a2200000 7i4500 |
| 001 |
0000014462 |
| 005 |
20080303.0 |
| 008 |
080303 |
| 020 |
|
|
|a 9676117161
|
| 090 |
0 |
0 |
|a 658.4
|b ISM
|
| 100 |
0 |
|
|a Ismayudin Abdul Manan
|
| 245 |
1 |
0 |
|a Are you a great manager? :
|b the art of managing people effectively and succesfully
|c Ismayudin Abdul Manan
|
| 260 |
|
|
|a Kuala lumpur :
|b Utusan Publications&distributors ,
|c 2005
|
| 650 |
|
0 |
|a Executive ability
|
| 650 |
|
0 |
|a Personnel management
|
| 999 |
|
|
|a 0001011794
|b Book
|c Adult Collection
|e Cawangan Urban Transformation Centre
|
| 999 |
|
|
|a 0001011795
|b Book
|c Adult Collection
|e Perbadanan Perpustakaan Awam Johor
|
| 999 |
|
|
|a 0001014229
|b Book
|c Adult Collection
|e Cawangan Mersing
|
| 999 |
|
|
|a 0001014230
|b Book
|c Adult Collection
|e Perbadanan Perpustakaan Awam Johor
|
| 999 |
|
|
|a 0001029692
|b Book
|c Adult Collection
|e Cawangan Bandar Tenggara
|
| 999 |
|
|
|a 0001257565
|b Book
|c Adult Collection
|e Cawangan Tangkak
|
| 999 |
|
|
|a 0001257652
|b Book
|c Adult Collection
|e Cawangan Pontian
|